[Event "Schleswig Holstein-ch U16 M"]
[Site "Neumuenster"]
[Date "2010.04.10"]
[Round "8"]
[White "Rublack, Valentin"]
[Black "Dittmann, Jan"]
[Result "1/2-1/2"]
[WhiteElo "1788"]
[BlackElo "1698"]
[PlyCount "31"]
[EventDate "2010.04.05"]
[EventType "tourn"]
[EventRounds "9"]
[EventCountry "GER"]
[SourceTitle "EXT 2023"]
[Source "ChessBase"]
[SourceDate "2022.10.05"]
[SourceVersion "1"]
[SourceVersionDate "2022.10.05"]
[SourceQuality "1"]

1. d4 d5 2. c4 e6 3. Nc3 Nf6 4. Nf3 c6 5. e3 Bd6 6. Bd3 Nbd7 7. 0-0 0-0 8. e4 dxe4 9. Nxe4 Nxe4 10. Bxe4 Nf6 11. Bc2 c5 12. dxc5 Bxc5 13. b3 b6 14. Bb2 Bb7 15. Qe2 Qe7 16. Rad1 1/2-1/2

[Event "Schleswig Holstein-ch U16 M"]
[Site "Neumuenster"]
[Date "2010.04.06"]
[Round "2"]
[White "Fritsche, Oliver"]
[Black "Dittmann, Jan"]
[Result "0-1"]
[WhiteElo "1364"]
[BlackElo "1698"]
[PlyCount "64"]
[EventDate "2010.04.05"]
[EventType "tourn"]
[EventRounds "9"]
[EventCountry "GER"]
[SourceTitle "EXT 2023"]
[Source "ChessBase"]
[SourceDate "2022.10.05"]
[SourceVersion "1"]
[SourceVersionDate "2022.10.05"]
[SourceQuality "1"]

1. e4 c5 2. Nf3 e6 3. d4 cxd4 4. Nxd4 a6 5. Nc3 Qc7 6. Bd3 Nf6 7. Be3 Bb4 8. 0-0 d6 9. Nce2 Nbd7 10. h3 b5 11. Nb3 Bb7 12. c3 Bc5 13. Nxc5 Nxc5 14. f3 Rd8 15. Bc2 0-0 16. Nf4 Rfe8 17. Qe2 d5 18. exd5 Nxd5 19. Nxd5 Bxd5 20. Qf2 Nd7 21. Rfd1 Qb7 22. Qh4 f5 23. Bg5 Rc8 24. Bb3 Nb6 25. Bxd5 Nxd5 26. Qd4 Rc4 27. Qe5 Qb8 28. Rxd5 exd5 29. Qxd5+ Kh8 30. Qxf5 Re5 31. Bf4 Qb6+ 32. Be3 Qxe3+ 0-1

[Event "GER-chT U16"]
[Site "Bingen"]
[Date "2008.12.29"]
[Round "5.4"]
[White "Dittmann, Jan"]
[Black "Tarouchkin, Alexander"]
[Result "1-0"]
[WhiteElo "1717"]
[BlackElo "1180"]
[PlyCount "61"]
[EventDate "2008.12.27"]
[EventType "team-swiss"]
[EventRounds "7"]
[EventCountry "GER"]
[SourceTitle "EXT 2010"]
[Source "ChessBase"]
[SourceDate "2010.11.25"]
[SourceVersion "1"]
[SourceVersionDate "2010.11.25"]
[SourceQuality "1"]
[WhiteTeam "Kiel Meerbauer U16"]
[BlackTeam "Magdeburg Aufbau Elbe U16"]
[WhiteTeamCountry "GER"]
[BlackTeamCountry "GER"]

1. c4 e5 2. Nc3 Nc6 3. g3 g6 4. Bg2 Bg7 5. e3 d6 6. Nge2 Be6 7. d3 Qd7 8. 0-0 0-0-0 9. Rb1 Bh3 10. b4 Bxg2 11. Kxg2 Nb8 12. Nb5 Qc6+ 13. e4 Qa6 14. Be3 Bh6 15. Nxa7+ Kd7 16. Nb5 b6 17. Qd2 Bxe3 18. fxe3 Nh6 19. Rb3 c6 20. Ra3 Qc8 21. Ra7+ Ke6 22. Rc7 Qa6 23. Rcxf7 Nxf7 24. Nc7+ Ke7 25. Nxa6 Nxa6 26. a4 Ra8 27. b5 Nc5 28. bxc6 Nxa4 29. Nc3 Rhc8 30. Nd5+ Ke6 31. Rf6# 1-0

[Event "Kiel Cup U18"]
[Site "Kiel"]
[Date "2008.10.17"]
[Round "5.5"]
[White "Dittmann, Jan"]
[Black "Fritsche, Oliver"]
[Result "1-0"]
[WhiteElo "1730"]
[BlackElo "1179"]
[PlyCount "47"]
[EventDate "2008.10.16"]
[EventType "team-swiss"]
[EventRounds "7"]
[EventCountry "GER"]
[SourceTitle "EXT 2011"]
[Source "ChessBase"]
[SourceDate "2010.11.26"]
[SourceVersion "1"]
[SourceVersionDate "2010.11.26"]
[SourceQuality "1"]

1. e4 e6 2. d4 d5 3. Nd2 c5 4. exd5 exd5 5. Bb5+ Bd7 6. Qe2+ Be7 7. dxc5 Bxb5 8. Qxb5+ Qd7 9. Qe2 Nf6 10. Ngf3 0-0 11. Nb3 Re8 12. Be3 Na6 13. Nfd4 Nxc5 14. Qb5 Nxb3 15. Qxd7 Nxd7 16. Nxb3 Bg5 17. 0-0-0 Nb6 18. Bxg5 f6 19. Be3 Nc4 20. Rhe1 Rad8 21. a3 Kf7 22. Bxa7 Rxe1 23. Rxe1 b6 24. Nd2 1-0

[Event "GER North-chT U16"]
[Site "Verden an der Aller"]
[Date "2008.09.12"]
[Round "2.4"]
[White "Dittmann, Jan"]
[Black "Neitzel, Mirko"]
[Result "1/2-1/2"]
[WhiteElo "1649"]
[BlackElo "1725"]
[PlyCount "69"]
[EventDate "2008.09.12"]
[EventType "team-swiss"]
[EventRounds "6"]
[EventCountry "GER"]
[SourceTitle "EXT 2011"]
[Source "ChessBase"]
[SourceDate "2010.11.26"]
[SourceVersion "1"]
[SourceVersionDate "2010.11.26"]
[SourceQuality "1"]
[WhiteTeam "Kiel Meerbauer"]
[BlackTeam "Segeberg SF"]
[WhiteTeamCountry "GER"]
[BlackTeamCountry "GER"]

1. c4 c5 2. Nc3 Nc6 3. g3 g6 4. Bg2 Bg7 5. e3 e5 6. Nge2 Nge7 7. 0-0 0-0 8. d3 d6 9. Bd2 f5 10. a3 a5 11. Rb1 Be6 12. Nd5 h6 13. b4 axb4 14. axb4 Bxd5 15. cxd5 Nxb4 16. Bxb4 cxb4 17. Rxb4 Rb8 18. Qb3 b6 19. Rb1 Nc8 20. d4 exd4 21. Nxd4 Bxd4 22. Rxd4 g5 23. Rc1 Rf7 24. Rdc4 Na7 25. Qb1 Rc8 26. Bh3 g4 27. Bf1 Rc5 28. Rxc5 dxc5 29. Bc4 Qd6 30. Rc2 b5 31. Bxb5 Rb7 32. Rb2 Rxb5 33. Rxb5 Nxb5 34. Qxb5 Qxd5 35. Qe8+ 1/2-1/2

[Event "Schleswig Holstein-ch U14 MT"]
[Site "Neumuenster"]
[Date "2008.03.27"]
[Round "5"]
[White "Rublack, Valentin"]
[Black "Dittmann, Jan"]
[Result "1-0"]
[WhiteElo "1306"]
[BlackElo "1526"]
[PlyCount "51"]
[EventDate "2008.03.24"]
[EventType "tourn"]
[EventRounds "9"]
[EventCountry "GER"]
[SourceTitle "EXT 2009"]
[Source "ChessBase"]
[SourceDate "2008.11.26"]
[SourceVersion "1"]
[SourceVersionDate "2008.11.26"]
[SourceQuality "1"]

1. e4 c5 2. Nf3 e6 3. d4 cxd4 4. Nxd4 a6 5. Nc3 Qc7 6. Be2 Nf6 7. 0-0 d6 8. Be3 Nbd7 9. f4 Be7 10. Qd2 0-0 11. f5 Nc5 12. Bd3 Ng4 13. Nb3 Nxb3 14. axb3 d5 15. Bf4 Qc5+ 16. Kh1 e5 17. h3 exf4 18. hxg4 dxe4 19. Nxe4 Qe5 20. Rab1 g5 21. Qc3 Qg7 22. Rf3 Re8 23. f6 Qh8 24. fxe7 Qxc3 25. bxc3 Rxe7 26. Nxg5 1-0

[Event "Schleswig Holstein-ch U14 MT"]
[Site "Neumuenster"]
[Date "2008.03.26"]
[Round "4"]
[White "Dittmann, Jan"]
[Black "Von Karger, Viktor"]
[Result "1/2-1/2"]
[WhiteElo "1526"]
[BlackElo "1388"]
[PlyCount "94"]
[EventDate "2008.03.24"]
[EventType "tourn"]
[EventRounds "9"]
[EventCountry "GER"]
[SourceTitle "EXT 2009"]
[Source "ChessBase"]
[SourceDate "2008.11.26"]
[SourceVersion "1"]
[SourceVersionDate "2008.11.26"]
[SourceQuality "1"]

1. c4 e5 2. Nc3 Nc6 3. g3 Nf6 4. Bg2 Bb4 5. e4 d6 6. Nge2 Be6 7. b3 Qd7 8. Nd5 Bh3 9. Bxh3 Qxh3 10. Nxc7+ Kd7 11. Nxa8 Nxe4 12. Ng1 Qf5 13. Qf3 Qg6 14. Ne2 Bc5 15. 0-0 Bd4 16. Nxd4 Nxd4 17. Qe3 Rxa8 18. f3 Ng5 19. Bb2 Nc2 20. Qc3 Nh3+ 21. Kh1 Nxa1 22. Bxa1 Ng5 23. c5 Rc8 24. Qb4 Qd3 25. Kg2 dxc5 26. Qg4+ Ne6 27. Bxe5 Qe2+ 28. Rf2 Qxe5 29. Qa4+ Rc6 30. Qxa7 Qc7 31. Qa4 Ke7 32. Qh4+ Kd7 33. Qxh7 Qa5 34. Qc2 Rd6 35. Qb2 b5 36. Qc2 Ra6 37. Qf5 Ke7 38. Re2 Qb4 39. Qg5+ Kf8 40. Qe5 Qa5 41. Qh5 Qxa2 42. Qh8+ Ke7 43. Qxg7 Qxb3 44. Qg5+ Kd7 45. Qf5 Ra4 46. Qxf7+ Kd6 47. Qb7 Ra3 1/2-1/2

[Event "Schleswig Holstein-ch U14 MT"]
[Site "Neumuenster"]
[Date "2008.03.25"]
[Round "2"]
[White "Dittmann, Jan"]
[Black "Krause, Jonah"]
[Result "1/2-1/2"]
[WhiteElo "1526"]
[BlackElo "1328"]
[PlyCount "20"]
[EventDate "2008.03.24"]
[EventType "tourn"]
[EventRounds "9"]
[EventCountry "GER"]
[SourceTitle "EXT 2009"]
[Source "ChessBase"]
[SourceDate "2008.11.26"]
[SourceVersion "1"]
[SourceVersionDate "2008.11.26"]
[SourceQuality "1"]

1. c4 c6 2. Nc3 Nf6 3. g3 d5 4. e3 Bf5 5. Nge2 e6 6. d3 dxc4 7. dxc4 Qxd1+ 8. Kxd1 Na6 9. Bg2 0-0-0+ 10. Ke1 Nb4 1/2-1/2

[Event "Schleswig Holstein-ch U14 MT"]
[Site "Neumuenster"]
[Date "2008.03.25"]
[Round "3"]
[White "Martens, Julian"]
[Black "Dittmann, Jan"]
[Result "1-0"]
[WhiteElo "1389"]
[BlackElo "1526"]
[PlyCount "49"]
[EventDate "2008.03.24"]
[EventType "tourn"]
[EventRounds "9"]
[EventCountry "GER"]
[SourceTitle "EXT 2009"]
[Source "ChessBase"]
[SourceDate "2008.11.26"]
[SourceVersion "1"]
[SourceVersionDate "2008.11.26"]
[SourceQuality "1"]

1. e4 c5 2. Nc3 d6 3. g3 g6 4. Bg2 Bg7 5. d3 Nc6 6. f4 e6 7. Nf3 Nge7 8. Be3 Rb8 9. a4 a6 10. 0-0 0-0 11. Re1 b5 12. axb5 axb5 13. Rb1 Qc7 14. Ne2 Bd7 15. c3 b4 16. d4 cxd4 17. cxd4 d5 18. Ne5 Rfc8 19. Rc1 Qa7 20. Qd2 dxe4 21. d5 Qb7 22. dxc6 Bxc6 23. Nxc6 Nxc6 24. Bxe4 Qa6 25. Qd6 1-0

[Event "Kieler Cup U14"]
[Site "Kiel"]
[Date "2007.10.21"]
[Round "7"]
[White "Dittmann, Jan"]
[Black "Haye, Robert"]
[Result "1-0"]
[WhiteElo "1557"]
[BlackElo "838"]
[PlyCount "36"]
[EventDate "2007.10.18"]
[EventType "swiss"]
[EventRounds "7"]
[EventCountry "GER"]
[SourceTitle "EXT 2010"]
[Source "ChessBase"]
[SourceDate "2010.11.25"]
[SourceVersion "1"]
[SourceVersionDate "2010.11.25"]
[SourceQuality "1"]

1. e4 e5 2. Nf3 Nc6 3. Bb5 Bd6 4. d3 Nge7 5. Be3 a6 6. Ba4 b5 7. Bb3 Bb7 8. c3 b4 9. 0-0 0-0 10. Nbd2 Ng6 11. Ng5 Qe7 12. Qh5 h6 13. Nxf7 Rxf7 14. Qxg6 Raf8 15. Bxh6 Qf6 16. Qxf6 gxf6 17. Bxf8 Kxf8 18. Bxf7 Kxf7 1-0

[Event "Kieler Cup U14"]
[Site "Kiel"]
[Date "2007.10.20"]
[Round "5"]
[White "Dittmann, Jan"]
[Black "May, Julian"]
[Result "0-1"]
[WhiteElo "1557"]
[BlackElo "1476"]
[PlyCount "58"]
[EventDate "2007.10.18"]
[EventType "swiss"]
[EventRounds "7"]
[EventCountry "GER"]
[SourceTitle "EXT 2010"]
[Source "ChessBase"]
[SourceDate "2010.11.25"]
[SourceVersion "1"]
[SourceVersionDate "2010.11.25"]
[SourceQuality "1"]

1. c4 e5 2. Nc3 Nf6 3. g3 d6 4. Bg2 c6 5. Nf3 Be7 6. d3 0-0 7. 0-0 h6 8. Rb1 Be6 9. Bd2 Nbd7 10. b4 d5 11. cxd5 cxd5 12. Qc2 Rc8 13. Qb2 Qb6 14. a3 Rfd8 15. e4 d4 16. Ne2 Qb5 17. Ne1 Nh7 18. f4 f6 19. Ra1 Nb6 20. Qb1 Rc7 21. Nf3 Rdc8 22. fxe5 fxe5 23. a4 Nxa4 24. Nxe5 Nc3 25. Bxc3 dxc3 26. Nf3 c2 27. Qc1 Qxb4 28. Ned4 Bc5 29. Qe3 Rd7 0-1

[Event "Kieler Cup U14"]
[Site "Kiel"]
[Date "2007.10.19"]
[Round "3"]
[White "Dittmann, Jan"]
[Black "Magnussen, Helge"]
[Result "0-1"]
[WhiteElo "1557"]
[BlackElo "2034"]
[PlyCount "48"]
[EventDate "2007.10.18"]
[EventType "swiss"]
[EventRounds "7"]
[EventCountry "GER"]
[SourceTitle "EXT 2010"]
[Source "ChessBase"]
[SourceDate "2010.11.25"]
[SourceVersion "1"]
[SourceVersionDate "2010.11.25"]
[SourceQuality "1"]

1. c4 Nf6 2. Nc3 e6 3. g3 d5 4. cxd5 exd5 5. Bg2 c6 6. d4 Bd6 7. Nf3 Bg4 8. 0-0 Nbd7 9. Qc2 Qc7 10. Bd2 0-0-0 11. e3 h5 12. a3 Bxf3 13. Bxf3 h4 14. Ne2 Nf8 15. b4 Qd7 16. Bg2 Kb8 17. a4 hxg3 18. hxg3 Qg4 19. Bc3 Ne6 20. b5 Ng5 21. f3 Nh3+ 22. Bxh3 Qxh3 23. Kf2 Bxg3+ 24. Nxg3 Qh2+ 0-1

[Event "GER-chT WK 3 U16"]
[Site "Kiel"]
[Date "2007.05.17"]
[Round "7.2"]
[White "Dittmann, Jan"]
[Black "Yakovenko, Oleg"]
[Result "1/2-1/2"]
[WhiteElo "1357"]
[BlackElo "1726"]
[PlyCount "67"]
[EventDate "2007.05.17"]
[EventType "team-swiss"]
[EventRounds "7"]
[EventCountry "GER"]
[SourceTitle "EXT 2008"]
[Source "ChessBase"]
[SourceDate "2007.11.25"]
[SourceVersion "1"]
[SourceVersionDate "2007.11.25"]
[SourceQuality "1"]

1. c4 Nf6 2. Nc3 e6 3. g3 d5 4. Bg2 c6 5. b3 Bd6 6. e3 0-0 7. Nge2 Nbd7 8. 0-0 Re8 9. Bb2 b6 10. d4 Bb7 11. Qd2 Rc8 12. Rfd1 Qe7 13. Rac1 Bb8 14. Qd3 Red8 15. Rd2 Nf8 16. cxd5 cxd5 17. Rdc2 Qd7 18. Ba3 Bc6 19. Bf1 Bd6 20. Bxd6 Qxd6 21. Nf4 Qd7 22. Qd2 Qb7 23. Nd3 Ne4 24. Nxe4 dxe4 25. Ne5 Bd5 26. Qb4 Rxc2 27. Rxc2 Rc8 28. Rxc8 Qxc8 29. Qe7 Qb7 30. Qxb7 Bxb7 31. Bb5 a6 32. Be2 f6 33. Nc4 Nd7 34. Bf1 1/2-1/2

[Event "GER-ch U12"]
[Site "Willingen"]
[Date "2006.06.09"]
[Round "9"]
[White "Dittmann, Jan"]
[Black "Marquardt, Annabelle"]
[Result "1-0"]
[WhiteElo "1201"]
[BlackElo "872"]
[PlyCount "141"]
[EventDate "2006.06.03"]
[EventType "swiss"]
[EventRounds "11"]
[EventCountry "GER"]
[SourceTitle "EXT 2007"]
[Source "ChessBase"]
[SourceDate "2006.11.23"]
[SourceVersion "1"]
[SourceVersionDate "2006.11.23"]
[SourceQuality "1"]

1. c4 e5 2. g3 Nf6 3. Bg2 d5 4. cxd5 Nxd5 5. Nf3 Nc6 6. d3 h6 7. 0-0 Bc5 8. a3 Bb6 9. b4 a6 10. Bb2 Qd6 11. Nbd2 0-0 12. Nc4 Qe6 13. Ncxe5 f6 14. Nc4 Kh8 15. Nxb6 Nxb6 16. Qc2 Re8 17. e3 Qf5 18. Rfc1 Qh7 19. Nh4 Bd7 20. Be4 f5 21. Bg2 Re7 22. Qc5 Rae8 23. a4 f4 24. Be4 Rxe4 25. dxe4 Qxe4 26. Qh5 Kg8 27. exf4 Nxb4 28. Re1 Qc6 29. Rxe8+ Bxe8 30. Qe5 Qd7 31. Re1 Kf8 32. Qxg7+ Qxg7 33. Bxg7+ Kxg7 34. Rxe8 Kf6 35. Rb8 Nxa4 36. Rxb7 Nd5 37. Kg2 c5 38. Ra7 c4 39. Rxa6+ Nab6 40. Ra2 c3 41. Rc2 Ke6 42. Kf3 Kd6 43. Ke4 Kc5 44. Nf5 Kb4 45. Nxh6 Kb3 46. Rxc3+ Kxc3 47. f5 Nf6+ 48. Ke5 Nbd7+ 49. Ke6 Kd4 50. g4 Ke4 51. g5 Nh5 52. Kxd7 Ke5 53. f6 Nxf6+ 54. gxf6 Kxf6 55. Ng4+ Kg5 56. h3 Kf5 57. Kd6 Kf4 58. Ke6 Kg5 59. Ke5 Kh5 60. f4 Kg6 61. Ke6 Kh7 62. f5 Kg7 63. Ke7 Kh7 64. f6 Kg8 65. f7+ Kg7 66. f8Q+ Kg6 67. Qf6+ Kh7 68. Ne5 Kg8 69. h4 Kh7 70. Qg6+ Kh8 71. Nf7# 1-0

[Event "GER-ch U12"]
[Site "Willingen"]
[Date "2006.06.05"]
[Round "4"]
[White "Dittmann, Jan"]
[Black "Gruber, Roland"]
[Result "0-1"]
[WhiteElo "1201"]
[BlackElo "1368"]
[PlyCount "56"]
[EventDate "2006.06.03"]
[EventType "swiss"]
[EventRounds "11"]
[EventCountry "GER"]
[SourceTitle "EXT 2007"]
[Source "ChessBase"]
[SourceDate "2006.11.23"]
[SourceVersion "1"]
[SourceVersionDate "2006.11.23"]
[SourceQuality "1"]

1. c4 e5 2. Nc3 Nf6 3. g3 Nc6 4. Bg2 Bb4 5. Nf3 d6 6. d3 h6 7. Bd2 0-0 8. 0-0 Bf5 9. a3 Bxc3 10. Bxc3 e4 11. dxe4 Nxe4 12. Qc2 Nxg3 13. Qb3 Nxf1 14. Rxf1 Rb8 15. Rd1 Re8 16. e3 Qc8 17. Nd4 Bh3 18. Qc2 Bxg2 19. Kxg2 Qg4+ 20. Kh1 Qh5 21. Rg1 Ne5 22. Nf5 g6 23. Bxe5 Rxe5 24. e4 Qf3+ 25. Rg2 Qxe4 26. Nxh6+ Kg7 27. Qxe4 Rxe4 28. f3 Re1+ 0-1

[Event "GER-ch U12"]
[Site "Willingen"]
[Date "2006.06.04"]
[Round "3"]
[White "Alt, Elisabeth"]
[Black "Dittmann, Jan"]
[Result "0-1"]
[WhiteElo "782"]
[BlackElo "1201"]
[PlyCount "46"]
[EventDate "2006.06.03"]
[EventType "swiss"]
[EventRounds "11"]
[EventCountry "GER"]
[SourceTitle "EXT 2007"]
[Source "ChessBase"]
[SourceDate "2006.11.23"]
[SourceVersion "1"]
[SourceVersionDate "2006.11.23"]
[SourceQuality "1"]

1. e4 c5 2. Nc3 Nc6 3. Nf3 g6 4. Bc4 Bg7 5. d3 e6 6. 0-0 Nge7 7. Be3 d6 8. Qe2 0-0 9. Rad1 a6 10. h3 b5 11. Bb3 Qb6 12. Rd2 a5 13. a3 a4 14. Ba2 b4 15. axb4 Qxb4 16. Rb1 a3 17. Rdd1 axb2 18. Bd2 Bxc3 19. Bxc3 Qxc3 20. Bc4 Nb4 21. Ng5 Qxc2 22. Qxc2 Nxc2 23. Rd2 Ra1 0-1

[Event "GER-ch U12"]
[Site "Willingen"]
[Date "2006.06.04"]
[Round "2"]
[White "Dittmann, Jan"]
[Black "Alber, Alexander"]
[Result "0-1"]
[WhiteElo "1201"]
[BlackElo "1398"]
[PlyCount "130"]
[EventDate "2006.06.03"]
[EventType "swiss"]
[EventRounds "11"]
[EventCountry "GER"]
[SourceTitle "EXT 2007"]
[Source "ChessBase"]
[SourceDate "2006.11.23"]
[SourceVersion "1"]
[SourceVersionDate "2006.11.23"]
[SourceQuality "1"]

1. c4 e5 2. Nc3 Nf6 3. g3 d5 4. cxd5 Nxd5 5. Bg2 Nb6 6. Nf3 Nc6 7. d3 Be7 8. 0-0 0-0 9. a3 a5 10. Bd2 Be6 11. Rc1 Qd7 12. Ne4 Rad8 13. Nc5 Bxc5 14. Rxc5 Qd6 15. Qc1 Na4 16. Rc2 Bb3 17. Rxc6 bxc6 18. Bxa5 Rfe8 19. Nd2 Bd5 20. Ne4 Bxe4 21. Bxe4 Re6 22. Qc2 Nb6 23. Rc1 Nd5 24. Bxd5 Qxd5 25. Bxc7 Rd7 26. Qa4 h6 27. Ba5 Ra7 28. b4 e4 29. Rd1 exd3 30. Rxd3 Qa2 31. Qd1 Qxe2 32. Qxe2 Rxe2 33. Rc3 Re6 34. f4 Kf8 35. f5 Rd6 36. Kf2 Ke8 37. Kf3 Kd7 38. g4 Rd2 39. h4 Rd5 40. Ke4 Ra8 41. Kf4 Re8 42. Bb6 Rde5 43. Bc5 Re4+ 44. Kf3 g6 45. Rd3+ Kc7 46. f6 Rc4 47. Be7 h5 48. a4 Rxg4 49. a5 Rxh4 50. Kg3 Re4 51. Ra3 R8xe7 52. fxe7 Rxe7 53. a6 Re8 54. a7 Kb7 55. Kh4 Ra8 56. Rf3 Rxa7 57. Rxf7+ Kb6 58. Rf6 Ra4 59. Rxg6 Rxb4+ 60. Kxh5 Rf4 61. Kg5 Rf1 62. Kg4 Rg1+ 63. Kf5 Rxg6 64. Kxg6 Kb5 65. Kf5 Kc4 0-1

[Event "GER-ch U12"]
[Site "Willingen"]
[Date "2006.06.03"]
[Round "1"]
[White "Hampel, Felix"]
[Black "Dittmann, Jan"]
[Result "1-0"]
[WhiteElo "1549"]
[BlackElo "1201"]
[PlyCount "67"]
[EventDate "2006.06.03"]
[EventType "swiss"]
[EventRounds "11"]
[EventCountry "GER"]
[SourceTitle "EXT 2007"]
[Source "ChessBase"]
[SourceDate "2006.11.23"]
[SourceVersion "1"]
[SourceVersionDate "2006.11.23"]
[SourceQuality "1"]

1. e4 c5 2. Nf3 d6 3. d4 cxd4 4. Nxd4 Nf6 5. Nc3 g6 6. Be3 Bg7 7. f3 0-0 8. Qd2 Nc6 9. 0-0-0 Nxd4 10. Bxd4 Be6 11. g4 Qa5 12. Kb1 Rfc8 13. h4 Rc7 14. Bd3 Rac8 15. a3 a6 16. Qe3 Rc6 17. h5 b5 18. h6 Bh8 19. g5 Ne8 20. Bxh8 Kxh8 21. Qd4+ Kg8 22. Nd5 Bxd5 23. exd5 R6c7 24. f4 Rb8 25. f5 Qb6 26. Qe4 b4 27. fxg6 bxa3 28. gxf7+ Kf8 29. fxe8Q+ Kxe8 30. b3 Qc5 31. Rh3 a5 32. Qe6 Qf2 33. Qg8+ Kd7 34. Qxb8 1-0

[Event "Schleswig Holstein-ch U12"]
[Site "Neumuenster"]
[Date "2006.04.05"]
[Round "7"]
[White "Dittmann, Jan"]
[Black "Von Karger, Viktor"]
[Result "1-0"]
[WhiteElo "1160"]
[BlackElo "1263"]
[PlyCount "75"]
[EventDate "2006.04.02"]
[EventType "swiss"]
[EventRounds "11"]
[EventCountry "GER"]
[SourceTitle "EXT 2007"]
[Source "ChessBase"]
[SourceDate "2006.11.23"]
[SourceVersion "1"]
[SourceVersionDate "2006.11.23"]
[SourceQuality "1"]

1. c4 e5 2. Nc3 g6 3. g3 Bg7 4. Bg2 Nf6 5. d3 Nc6 6. e3 d6 7. Nge2 0-0 8. 0-0 Be6 9. Bd2 Qd7 10. Rb1 a5 11. a3 Bh3 12. b4 axb4 13. axb4 Bxg2 14. Kxg2 Qf5 15. Qc2 Rfe8 16. b5 Nd8 17. Ra1 Rxa1 18. Rxa1 e4 19. dxe4 Nxe4 20. Rf1 Nxd2 21. Qxd2 Qf6 22. Nd5 Qe5 23. Nxc7 Rf8 24. Qd3 Ne6 25. Nxe6 fxe6 26. Rb1 Qf6 27. f4 Rb8 28. c5 Bf8 29. e4 Be7 30. Qc2 Rc8 31. c6 bxc6 32. bxc6 e5 33. c7 exf4 34. Nxf4 Qf8 35. Qc4+ Kh8 36. Rb8 Bg5 37. Ne6 Qf7 38. Rxc8+ 1-0

[Event "GER-chT U12"]
[Site "Verden"]
[Date "2005.12.29"]
[Round "5.2"]
[White "Schlemmer, Martin"]
[Black "Dittmann, Jan"]
[Result "1-0"]
[WhiteElo "1206"]
[BlackElo "1160"]
[PlyCount "151"]
[EventDate "2005.12.27"]
[EventType "team-swiss"]
[EventRounds "7"]
[EventCountry "GER"]
[SourceTitle "CBM 110 Extra"]
[Source "ChessBase"]
[SourceDate "2006.03.10"]
[SourceVersion "2"]
[SourceVersionDate "2006.03.10"]
[SourceQuality "1"]

1. e4 c5 2. Nf3 d6 3. Nc3 Nc6 4. b3 g6 5. Bb2 Bg7 6. Rb1 Nf6 7. d4 cxd4 8. Nxd4 0-0 9. Nxc6 bxc6 10. Bd3 Bd7 11. 0-0 Qb6 12. Ne2 c5 13. Ng3 e6 14. Re1 a5 15. Bc3 Qc7 16. e5 Nd5 17. exd6 Nxc3 18. dxc7 Nxd1 19. Rbxd1 Bd4 20. Ne2 e5 21. c3 Rfc8 22. cxd4 exd4 23. Nf4 Rxc7 24. Nd5 Rca7 25. Nf6+ Kg7 26. Nxd7 Rxd7 27. Rd2 Rc7 28. Red1 a4 29. Bc4 axb3 30. axb3 Re8 31. g3 h5 32. Kg2 Kf6 33. Rd3 Rce7 34. Rf3+ Kg7 35. b4 cxb4 36. Rxd4 Rb8 37. Rb3 Reb7 38. Rdd3 Rc7 39. Bd5 Rd7 40. Be4 Re7 41. Rd4 f5 42. Bf3 Kh6 43. Rdxb4 Rbe8 44. Rb8 Rxb8 45. Rxb8 Rc7 46. h3 Rc4 47. Be2 Rd4 48. f3 Rd2 49. Kf2 Ra2 50. Re8 Rb2 51. g4 hxg4 52. Kg3 gxf3 53. Kxf3 Rb3+ 54. Kf2 Kg5 55. Rh8 Kf4 56. h4 Rh3 57. Kg2 Re3 58. Bd1 Rg3+ 59. Kh2 Rd3 60. Be2 Rd2 61. Re8 Rb2 62. Kg2 Rb3 63. Ra8 Rg3+ 64. Kh2 Re3 65. Ra4+ Re4 66. Bd1 Rxa4 67. Bxa4 Kg4 68. Be8 g5 69. h5 f4 70. h6 f3 71. h7 f2 72. Kg2 f1Q+ 73. Kxf1 Kf3 74. h8Q g4 75. Qe5 g3 76. Bh5# 1-0

[Event "GER-chT U12"]
[Site "Verden"]
[Date "2005.12.27"]
[Round "2.2"]
[White "Redelfs, Luka"]
[Black "Dittmann, Jan"]
[Result "1/2-1/2"]
[WhiteElo "1121"]
[BlackElo "1160"]
[PlyCount "115"]
[EventDate "2005.12.27"]
[EventType "team-swiss"]
[EventRounds "7"]
[EventCountry "GER"]
[SourceTitle "CBM 110 Extra"]
[Source "ChessBase"]
[SourceDate "2006.03.10"]
[SourceVersion "2"]
[SourceVersionDate "2006.03.10"]
[SourceQuality "1"]

1. d4 d5 2. Bf4 e6 3. f3 Nf6 4. Qd2 Bd6 5. Nc3 c6 6. e4 dxe4 7. fxe4 Bxf4 8. Qxf4 Qxd4 9. Nge2 Qb6 10. Rb1 0-0 11. g4 e5 12. Qxe5 Nxg4 13. Qg3 Rd8 14. Rd1 Rxd1+ 15. Nxd1 Be6 16. Rg1 g6 17. h4 h5 18. Bh3 Nd7 19. Nf4 Nde5 20. Rg2 Bxa2 21. Nxh5 Qb4+ 22. Nc3 Qxb2 23. Nf6+ Nxf6 24. Qxe5 Qc1+ 25. Kf2 Qxc2+ 26. Kg1 Qc1+ 27. Kh2 Nh5 28. Nxa2 Qf4+ 29. Qxf4 Nxf4 30. Rg4 Nxh3 31. Kxh3 b5 32. h5 Kg7 33. Kh4 a5 34. Kg5 gxh5 35. Kxh5+ Kf8 36. e5 Re8 37. Re4 b4 38. Nc1 f6 39. Kg6 Rxe5 40. Rxe5 fxe5 41. Kf5 Ke7 42. Kxe5 Kd7 43. Kd4 a4 44. Kd3 c5 45. Kc2 Kc6 46. Kb2 Kd5 47. Nd3 Kd4 48. Nc1 c4 49. Ne2+ Ke3 50. Nc1 a3+ 51. Ka2 Kd2 52. Kb1 a2+ 53. Nxa2 b3 54. Nc1 Kc3 55. Ne2+ Kb4 56. Kb2 Ka4 57. Nc3+ Kb4 58. Ne2 1/2-1/2